| 000 | 01021cam a2200289 4500 | ||
|---|---|---|---|
| 001 | ABS65873 | ||
| 008 | 020813n2002 000 0 eng u | ||
| 035 | _a(Sirsi) u119315 | ||
| 100 | _aPopham, J | ||
| 245 | 4 | _aThe future of the major inquiry | |
| 260 | _c2002 | ||
| 490 |
_aJournal of Planning and Environment Law _vFebruary 2002, 137-50(14) |
||
| 520 | _aDiscusses the current procedure in examining planning applications which have been called in by public inquiry before going on to assess government policy to make changes to the planning decision-making process. | ||
| 590 | _aABS | ||
| 650 | _aPUBLIC INQUIRIES | ||
| 650 | _aPLANNING POLICY | ||
| 650 | _aGREEN PAPERS | ||
| 650 | _aALCONBURY | ||
| 650 | _aREGIONAL PLANNING GUIDANCE | ||
| 650 | _aPRIVATE BILLS | ||
| 650 | _aDEVELOPMENT ORDERS | ||
| 650 | _aTRANSPORT AND WORKS ACT 1992 | ||
| 650 | _aPLANNING POLICY GUIDANCE | ||
| 690 | _aENVIRONMENTAL AND LAND CONSULTANCY-PLANNING AND DEVELOPMENT | ||
| 700 | _aPurdue, M | ||
| 942 | _n0 | ||
| 999 |
_c70937 _d70937 |
||